00804nam a2200193 i 4500001000700000003000900007005001700016008004100033100004200074245006100116260003600177300004200213490007300255650003900328830008100367852002100448999001900469952012200488165953ES-MaACL20250819063108.0171226s1927 fr | |||||||| ||fre d1 aTonnelat, Ernest, d1877-1948911057710aHistoire de la langue allemande / cpar Ernest Tonnelat. aParis : bArmand Colin, c1927. a204 p., 1 h. de mapa pleg. ; c17 cm.1 aCollection Armand Colin (section de langues et littératures ; v92 4aLengua alemana-xHistoria.91639800 aCollection Armand Colin (section de langues et littératures ; v929222507 aES-MaACLjE-4499 c165953d165953 00104070aATENEOMbATENEOMcDEPO2d2017-12-26eDONl0oE-4499p1198223r2023-02-23 00:00:00w2023-02-23yMONOGRAFIA